D-D Vocabulary Words - Statistics

General Stats
  • This quiz has been taken 245 times
  • The average score is 13 of 20
Answer Stats
clue word % Correct
alive no longer dead
99%
past form of to do did
92%
type of precious stone diamond
90%
chopped into small cubes diced
90%
to resist an attack defend
81%
to fear, greatly dread
79%
dog breed, German for "badger dog" dachshund
75%
ancient Celtic priest druid
74%
argued back-and-forth debated
59%
forced to leave a country deported
59%
to go downhill descend
59%
throw away discard
57%
adoring of, and committed to devoted
53%
where ships are built dockyard
51%
with the salt removed from it desalinated
47%
hated despised
46%
what the Beatles did in 1970 disband
45%
what dogs pull in the Iditarod dogsled
39%
ship's crewman who does cleaning and mooring deckhand
35%
intending, in a clear, resolute way determined
24%
No matching quizzes found
Score Distribution
Percent of People with Each Score
Percentile by Number Answered
Your Score History
You have not taken this quiz